000 01450cab a22003015a 4500
001 L147213
008 090416e20090411xxk f v 000 0 eng d
035 _a(Sirsi) u147213
041 0 _aeng
100 1 _aFletcher, Rachel
245 0 4 _aThe alienation effect
260 _c2009
490 0 _aEstates Gazette
_v(0914) 11 April 2009, 82-83(2)
520 _aA 'mainly for students' article which provides an overview of the issues which may be encountered when a commercial tenant seeks to transfer an interest in leasehold property by obtaining consent to alienation. Discusses covenants against alienation, the duties of tenants and landlords with regard to the application for consent and considerations for the landlord when deciding whether to give consent.
590 _aKA
650 2 4 _aLANDLORD AND TENANT ACT 1988 S1
650 2 4 _aLANDLORD AND TENANT ACT 1927 S19
650 2 4 _aROYAL BANK OF SCOTLAND PLC V VICTORIA STREET (NO.3) LTD
650 2 4 _aNCR LTD V RIVERLAND PORTFOLIO NO. 1 LTD (NO. 2)
650 2 4 _aBLOCKBUSTER ENTERTAINMENT LTD V BARNSDALE PROPERTIES LTD
650 2 4 _aMOUNT EDEN LAND LTD V TOWERSTONE LTD
650 2 4 _aINTERNATIONAL DRILLING FLUIDS LTD V LOUISVILLE INVESTMENTS (UXBRIDGE) LTD
651 4 _aEngland and Wales
_y1543-
690 _aPROPERTY-COMMERCIAL PROPERTY-COMMERCIAL LANDLORD AND TENANT-COMMERCIAL LEASES
690 _aBoundary disputes
_96221
700 1 _aMarlow, Charlie
942 _n0
999 _c81436
_d81436